000 00603nam a2200205Ia 4500
005 20250508162005.0
008 008 250505s9999 xx 000 0 eng d
020 _a0-275-24510-1
037 _aTextual
040 _aFEDL
_beng
_cFEDL
041 _aeng
_2eng
084 _a370.19, MOR
_qFEDL
100 _aMorgan Edward P.
_9771973
245 0 _aInequality in classroom learning schooling and democratic citizenship
260 _aNew York, USA
_bPraeger Publishers
_c1977
300 _axii,224p.
650 _aEducation
942 _cTEXL
_h370.19, MOR
999 _c1373693
_d1373693